<?xml version="1.0" encoding="UTF-8"?>
<record
    xmlns:xsi="http://www.w3.org/2001/XMLSchema-instance"
    xsi:schemaLocation="http://www.loc.gov/MARC21/slim http://www.loc.gov/standards/marcxml/schema/MARC21slim.xsd"
    xmlns="http://www.loc.gov/MARC21/slim">

  <leader>00215nam a2200085   4500</leader>
  <controlfield tag="001">1258351</controlfield>
  <controlfield tag="005">20260308101443.0</controlfield>
  <datafield tag="245" ind1=" " ind2=" ">
    <subfield code="a">ACAY&#x130;P B&#x130;R GAZETE</subfield>
    <subfield code="c">MEL&#x130;H TU&#x11E;TA&#x11E; &#xC7;A&#x11E;RI CEBEC&#x130;</subfield>
  </datafield>
  <datafield tag="260" ind1=" " ind2=" ">
    <subfield code="b">GEN&#xC7; HAYAT YAYINLARI</subfield>
  </datafield>
  <datafield tag="999" ind1=" " ind2=" ">
    <subfield code="c">1258351</subfield>
    <subfield code="d">1258351</subfield>
  </datafield>
  <datafield tag="952" ind1=" " ind2=" ">
    <subfield code="0">0</subfield>
    <subfield code="1">0</subfield>
    <subfield code="2">ddc</subfield>
    <subfield code="4">0</subfield>
    <subfield code="7">0</subfield>
    <subfield code="a">1057</subfield>
    <subfield code="b">1057</subfield>
    <subfield code="d">2026-03-08</subfield>
    <subfield code="l">0</subfield>
    <subfield code="o">D4</subfield>
    <subfield code="p">10576529</subfield>
    <subfield code="r">2026-03-08 10:14:58</subfield>
    <subfield code="w">2026-03-08</subfield>
    <subfield code="y">BK</subfield>
  </datafield>
</record>
